[Event "Concordia op 6th"]
[Site "Concordia"]
[Date "2022.10.15"]
[Round "7"]
[White "Kazuhiro Shikasho, Erik"]
[Black "Decezare, Jucian Kaue"]
[Result "1-0"]
[WhiteElo "1895"]
[BlackElo "1638"]
[PlyCount "53"]
[EventDate "2022.10.12"]
[EventType "swiss"]
[EventRounds "9"]
[EventCountry "BRA"]
[SourceTitle "CBM 210 Extra"]
[Source "ChessBase"]
[SourceDate "2022.11.30"]
[SourceVersion "1"]
[SourceVersionDate "2022.11.30"]
[SourceQuality "1"]

1. e4 c5 2. Nf3 d6 3. d4 cxd4 4. Nxd4 Nf6 5. Nc3 a6 6. Bg5 Nbd7 7. f4 g6 8. Qf3 Bg7 9. 0-0-0 Qc7 10. g4 b5 11. a3 Bb7 12. Bg2 Rc8 13. Kb1 Nb6 14. Rhe1 Nc4 15. Rd3 0-0 16. Qh3 Rfe8 17. Bh6 Bh8 18. Ne6 Qa5 19. e5 Bxg2 20. Qxg2 Nxa3+ 21. bxa3 Rxc3 22. Ree3 b4 23. exf6 fxe6 24. Qe4 exf6 25. axb4 Qa4 26. Rxc3 f5 27. Qc6 1-0

[Event "Concordia op 6th"]
[Site "Concordia"]
[Date "2022.10.14"]
[Round "6"]
[White "Decezare, Jucian Kaue"]
[Black "Menna Barreto, Luiz Ney"]
[Result "0-1"]
[WhiteElo "1638"]
[BlackElo "2235"]
[PlyCount "68"]
[EventDate "2022.10.12"]
[EventType "swiss"]
[EventRounds "9"]
[EventCountry "BRA"]
[SourceTitle "CBM 210 Extra"]
[Source "ChessBase"]
[SourceDate "2022.11.30"]
[SourceVersion "1"]
[SourceVersionDate "2022.11.30"]
[SourceQuality "1"]

1. e4 c6 2. d4 d5 3. Nc3 dxe4 4. Nxe4 Bf5 5. Ng3 Bg6 6. Nf3 Nd7 7. Bc4 e6 8. 0-0 Ngf6 9. Re1 Be7 10. Bb3 0-0 11. Nh4 Re8 12. Nxg6 hxg6 13. h4 Qc7 14. h5 gxh5 15. Nxh5 c5 16. Bf4 Bd6 17. Nxf6+ Nxf6 18. Bxd6 Qxd6 19. dxc5 Qxc5 20. Qf3 b6 21. Rad1 Rad8 22. c3 a5 23. Rd3 Kf8 24. Red1 Rxd3 25. Rxd3 Qc7 26. Ba4 Rd8 27. Rxd8+ Qxd8 28. Qc6 g6 29. f3 Nd5 30. Qc4 Qg5 31. Qf1 Qd2 32. Qf2 Qc1+ 33. Kh2 Qf4+ 34. g3 Qxa4 0-1

[Event "Concordia op 6th"]
[Site "Concordia"]
[Date "2022.10.14"]
[Round "5"]
[White "Peroza, Eduardo Antunes"]
[Black "Decezare, Jucian Kaue"]
[Result "0-1"]
[WhiteElo "2117"]
[BlackElo "1638"]
[PlyCount "76"]
[EventDate "2022.10.12"]
[EventType "swiss"]
[EventRounds "9"]
[EventCountry "BRA"]
[SourceTitle "CBM 210 Extra"]
[Source "ChessBase"]
[SourceDate "2022.11.30"]
[SourceVersion "1"]
[SourceVersionDate "2022.11.30"]
[SourceQuality "1"]

1. e4 c5 2. Nf3 d6 3. d4 cxd4 4. Nxd4 Nf6 5. Nc3 a6 6. a4 g6 7. h3 Bg7 8. g4 Nc6 9. Nde2 b6 10. Bg2 Bb7 11. 0-0 0-0 12. f4 b5 13. g5 Nd7 14. Kh1 b4 15. Nd5 Nb6 16. Ne3 a5 17. Ra2 b3 18. cxb3 Nb4 19. Ra1 Rc8 20. Bd2 Bxb2 21. Bxb4 axb4 22. Ra2 Bg7 23. Qe1 Bc3 24. Qh4 Qc7 25. f5 Qc5 26. Ng4 Nd7 27. Nh6+ Kg7 28. Rf4 Be5 29. f6+ exf6 30. Nf5+ Kh8 31. Ne7 Bxf4 32. Nxf4 Qxg5 33. Qxg5 Rc1+ 34. Kh2 fxg5 35. Nd3 Rc3 36. Nxb4 Rxb3 37. Nbd5 Bxd5 38. Nxd5 Rfb8 0-1

[Event "Florianopolis op 8th"]
[Site "Florianopolis"]
[Date "2022.01.27"]
[Round "5"]
[White "Decezare, Jucian Kaue"]
[Black "Ribeiro, Pablyto Robert Baio"]
[Result "1-0"]
[WhiteElo "1570"]
[BlackElo "1849"]
[PlyCount "45"]
[EventDate "2022.01.24"]
[EventType "swiss"]
[EventRounds "10"]
[EventCountry "BRA"]
[SourceTitle "CBM 206 Extra"]
[Source "ChessBase"]
[SourceDate "2022.03.31"]
[SourceVersion "1"]
[SourceVersionDate "2022.03.31"]
[SourceQuality "1"]

1. e4 e6 2. d3 d5 3. Qe2 dxe4 4. dxe4 e5 5. Nf3 Nc6 6. Nc3 Nf6 7. Bg5 Be7 8. Qb5 Bd7 9. Nxe5 Nd4 10. Qd3 Ne6 11. Be3 0-0 12. 0-0-0 Bd6 13. Nxd7 Nxd7 14. f3 a6 15. h4 Nf4 16. Qd2 Nh5 17. Bc4 Ne5 18. Bb3 Ng3 19. Rh3 Ng6 20. h5 Nh4 21. Bg5 Nxf3 22. gxf3 Qd7 23. Rxg3 1-0

[Event "Florianopolis op 8th"]
[Site "Florianopolis"]
[Date "2022.01.24"]
[Round "1"]
[White "Decezare, Jucian Kaue"]
[Black "Do Nascimento, Christian Almeida"]
[Result "0-1"]
[WhiteElo "1570"]
[BlackElo "2120"]
[PlyCount "90"]
[EventDate "2022.01.24"]
[EventType "swiss"]
[EventRounds "10"]
[EventCountry "BRA"]
[SourceTitle "CBM 206 Extra"]
[Source "ChessBase"]
[SourceDate "2022.03.31"]
[SourceVersion "1"]
[SourceVersionDate "2022.03.31"]
[SourceQuality "1"]

1. e4 c5 2. Nf3 d6 3. d3 Nf6 4. g3 g6 5. Bg2 Bg7 6. 0-0 0-0 7. Re1 Nc6 8. Nbd2 Rb8 9. Nf1 h6 10. c3 e5 11. a3 Re8 12. Ne3 b6 13. b4 Be6 14. b5 Ne7 15. c4 Qd7 16. Rb1 Bh3 17. Bh1 Nh7 18. Nh4 Bf6 19. Neg2 h5 20. Bd2 Nf8 21. Qc1 Ne6 22. Nf3 Bg4 23. Ne3 Bxf3 24. Bxf3 Nd4 25. Bg2 h4 26. Nc2 Nxc2 27. Qxc2 Kg7 28. h3 hxg3 29. fxg3 Rh8 30. Be3 Rh7 31. Qf2 Rbh8 32. Rf1 Qe6 33. Qf3 Ng8 34. Rb2 Qe7 35. Rbf2 Kf8 36. Qg4 Kg7 37. Qe2 Kf8 38. Qg4 Kg7 39. Qe2 Qe6 40. g4 Kf8 41. Qc2 Ke8 42. Qa4 Rxh3 43. Bxh3 Rxh3 44. Bc1 Qxg4+ 45. Rg2 Qh4 0-1

[Event "BRA-ch U20"]
[Site "Concordia"]
[Date "2021.10.02"]
[Round "4"]
[White "Decezare, Jucian Kaue"]
[Black "Machado, Luiz Fernando"]
[Result "0-1"]
[WhiteElo "1552"]
[BlackElo "1732"]
[PlyCount "70"]
[EventDate "2021.09.30"]
[EventType "swiss"]
[EventRounds "6"]
[EventCountry "BRA"]
[SourceTitle "EXT 2023"]
[Source "ChessBase"]
[SourceDate "2022.10.05"]
[SourceVersion "1"]
[SourceVersionDate "2022.10.05"]
[SourceQuality "1"]

1. e4 e6 2. d3 d5 3. Nd2 Nf6 4. Ngf3 c5 5. g3 Nc6 6. Bg2 Be7 7. 0-0 dxe4 8. dxe4 e5 9. c3 h6 10. Qc2 Be6 11. Rd1 Qc7 12. Nf1 0-0 13. Ne3 Rfd8 14. Bd2 Rd7 15. Nf5 Bxf5 16. exf5 Rad8 17. Be3 b5 18. Nd2 Na5 19. a4 a6 20. Bf1 c4 21. b4 cxb3 22. Nxb3 Rxd1 23. Rxd1 Rxd1 24. Qxd1 bxa4 25. Nxa5 Qxa5 26. Qa1 Ng4 27. Bd2 Bc5 28. Be1 Qb6 29. Qa2 a3 30. Bc4 Qb7 31. h3 Nf6 32. Qd2 Qb6 33. Kg2 Qc6+ 34. Kg1 Bxf2+ 35. Bxf2 Qxc4 0-1

[Event "BRA-ch U20"]
[Site "Concordia"]
[Date "2021.10.01"]
[Round "2"]
[White "Decezare, Jucian Kaue"]
[Black "Rogoski, Joao Vitor Ximenes"]
[Result "1-0"]
[WhiteElo "1552"]
[BlackElo "1514"]
[PlyCount "57"]
[EventDate "2021.09.30"]
[EventType "swiss"]
[EventRounds "6"]
[EventCountry "BRA"]
[SourceTitle "EXT 2023"]
[Source "ChessBase"]
[SourceDate "2022.10.05"]
[SourceVersion "1"]
[SourceVersionDate "2022.10.05"]
[SourceQuality "1"]

1. e4 e6 2. d3 d5 3. Nd2 Nf6 4. Ngf3 Be7 5. g3 c5 6. Bg2 Nc6 7. 0-0 0-0 8. e5 Nd7 9. Re1 Qc7 10. Qe2 b5 11. Nf1 Bb7 12. Bf4 c4 13. d4 a5 14. h4 Rfc8 15. c3 b4 16. N1h2 a4 17. a3 bxc3 18. bxc3 Na5 19. Ng5 Nf8 20. Qh5 Bd8 21. Re3 Bc6 22. Rf3 Be8 23. Be3 Nc6 24. Ng4 Qd7 25. Nf6+ gxf6 26. exf6 Bxf6 27. Rxf6 Ng6 28. Qxh7+ Kf8 29. Qxg6 1-0

[Event "Santa Catarina State-ch 65th"]
[Site "Rio Negrinho"]
[Date "2021.07.23"]
[Round "3"]
[White "Decezare, Jucian Kaue"]
[Black "Dos Santos Junior, Jose Luiz"]
[Result "0-1"]
[WhiteElo "1601"]
[BlackElo "1880"]
[PlyCount "90"]
[EventDate "2021.07.22"]
[EventType "swiss"]
[EventRounds "7"]
[EventCountry "BRA"]
[SourceTitle "EXT 2022"]
[Source "ChessBase"]
[SourceDate "2021.10.06"]
[SourceVersion "1"]
[SourceVersionDate "2021.10.06"]
[SourceQuality "1"]

1. e4 c5 2. Nf3 d6 3. d3 g6 4. g3 Bg7 5. Bg2 e5 6. 0-0 Ne7 7. Nbd2 0-0 8. c3 Nbc6 9. Rb1 h6 10. b4 b6 11. a3 Be6 12. Nb3 Qd7 13. d4 Bxb3 14. Rxb3 cxd4 15. cxd4 Nxd4 16. Nxd4 exd4 17. Bb2 Nc6 18. b5 Na5 19. Rb4 Rad8 20. Bxd4 Bxd4 21. Qxd4 Qe6 22. Rd1 Rfe8 23. Rbb1 Kh7 24. Qd5 Qxd5 25. Rxd5 Re5 26. Rd4 Kg7 27. a4 Rc5 28. Bf1 Rc3 29. Rbd1 Nb7 30. e5 d5 31. Bg2 Nc5 32. Bxd5 Ra3 33. Rf4 Rd7 34. Rdd4 Re7 35. h4 Ra1+ 36. Kg2 Re1 37. Bc6 R1xe5 38. Rd8 Ne6 39. Rfd4 Nxd8 40. Rxd8 h5 41. Rd4 Re2 42. Rf4 f6 43. Bd5 Rd2 44. Bf3 Red7 45. Rc4 R2d4 0-1

[Event "Timbo op"]
[Site "Timbo"]
[Date "2021.06.12"]
[Round "3"]
[White "Da Cunha, Matheus Mengarda"]
[Black "Decezare, Jucian Kaue"]
[Result "1/2-1/2"]
[WhiteElo "1291"]
[BlackElo "1619"]
[PlyCount "33"]
[EventDate "2021.06.11"]
[EventType "swiss"]
[EventRounds "6"]
[EventCountry "BRA"]
[SourceTitle "EXT 2022"]
[Source "ChessBase"]
[SourceDate "2021.10.06"]
[SourceVersion "1"]
[SourceVersionDate "2021.10.06"]
[SourceQuality "1"]

1. d4 Nf6 2. e3 g6 3. Bd3 Bg7 4. f4 d5 5. Nf3 0-0 6. Nbd2 b6 7. 0-0 c5 8. c3 Ba6 9. Bxa6 Nxa6 10. Ne5 Nc7 11. Qc2 Nb5 12. a4 Nd6 13. Rf3 Rc8 14. Qd3 e6 15. g4 Nfe4 16. Rh3 f6 17. Nef3 1/2-1/2